000 00544nam a22001457a 4500
005 20241212095253.0
008 240923b ||||| |||| 00| 0 eng d
082 _2DPer050 M72 January-March 2018 v. 66 no. 8-10
100 _aMatre, Jojo A.
_eauthor.
_961398
245 _aBasic concepts of educational technology /
_cJojo A. Matre.
260 _aPhilippines;
_bPublishers Association of the Philippines, Inc.,
_cJune 2018.
300 _aVolume 66, pages 21-23,
_billustration.
700 _aMatre, Jojo A.
_eauthor.
_961398
942 _2ddc
_cPER
999 _c21779
_d21779